000 00627cam a2200229 4500500
005 20260329005253.0
041 _afre
042 _adc
100 1 0 _aDurand, Jean-Marie
_eauthor
245 0 0 _aPourquoi la guerre ?
260 _c2023.
500 _a61
690 _aChaos
690 _aFrédéric Gros
690 _aGuerre
690 _aInvasion
690 _aRussie
690 _aUkraine
690 _aViolence
786 0 _nPhilosophie magazine | 166 | 1 | 2023-02-01 | p. 51-51 | 1951-1787
856 4 1 _uhttps://shs.cairn.info/magazine-philosophie-magazine-2023-1-page-51?lang=fr&redirect-ssocas=7080
999 _c1841858
_d1841858